Tilastot visalle Valtioita renkaassa maailmankartalla

Klikkaa tästä pelataksesi tätä visaa!

Yleistilastot

  • Tätä visaa on pelattu 746 kertaa
  • Keskiarvotulos 27 / 31

Vastaukset kartalla

Vastauksille on annettu kartalla punavihreä väri sen mukaan, kuinka moni on saanut sen oikein.
 

Vastaustilastot

Valtio% Oikein
Yhdysvallat
99%
Kanada
98%
Irlanti
97%
Meksiko
97%
Tanska
97%
Espanja
96%
Ranska
96%
Yhdistynyt kuningaskunta
96%
Brasilia
95%
Islanti
95%
Marokko
94%
Algeria
91%
Kolumbia
91%
Venezuela
89%
Andorra
87%
Panama
87%
Mali
84%
Guyana
83%
Honduras
83%
Suriname
83%
Costa Rica
81%
Guatemala
79%
Mauritania
79%
Nicaragua
79%
El Salvador
78%
Senegal
78%
Belize
75%
Guinea
75%
Gambia
73%
Guinea-Bissau
71%
Sierra Leone
71%

Tulosjakauma

Persentiili vastausten määrän mukaan

Jokaisen tuloksen saaneiden osuus

Tuloshistoriasi

Et ole pelannut tätä visaa